01237cam a22003377a 4500003000500000005001700005008004100022010001000063011001000073035001000083040000900093090001000102100003500112245006100147260004000208300001900248502008800267590003700355590004100392590004100433590004100474590004100515590004200556650003300598710007200631901000700703942001000710949003500720999001700755952012700772CHAP20220329135359.0971013s1935 r 00010 d a35397 a36369 a40488 cCHAP aTesis00aPacheco Novelo, Manuel.98457313aLa zona agrícola de Hecelchakán del Edo. de Campeche aChapingo, Méx. :bEl autor,c1935 a28 h.b: ilus. aTesis (Ing. Agr. Esp. en Economía Rural) -- ENA. Departamento de Economía Rural aALEPHb10c20130110lUCH01h1300 aBATCH-UPDb10c20130110lUCH01h0031 aBATCH-UPDb10c20130110lUCH01h1007 aBATCH-UPDb10c20130410lUCH01h0616 aBATCH-UPDb10c20130913lUCH01h2025 aCONVERSIONb10c20130109lUCH01h132014aAgriculturaxCampeche.913500 aENA. Departamento de Promoción y Divulgación Agrícola.936703 aBK cTESIS bBCcTESd-92519eTS1i40488si c35397d35397 00102local4051708TESISaBCbBCcPA_TESISd2012-12-17fTESISl0oTesisp-92519r2019-12-31 00:00:00w2019-12-31yTESIS